Coping with fewer tax dollars (Record no. 12763)

000 -LEADER
fixed length control field 00405pab a2200145 454500
008 - FIXED-LENGTH DATA ELEMENTS--GENERAL INFORMATION
fixed length control field 180718b1984 xxu||||| |||| 00| 0 eng d
100 ## - MAIN ENTRY--PERSONAL NAME
Personal name Kemp, Roger L.
245 ## - TITLE STATEMENT
Title Coping with fewer tax dollars
260 ## - PUBLICATION, DISTRIBUTION, ETC.
Date of publication, distribution, etc. 1984
300 ## - PHYSICAL DESCRIPTION
Extent 5-10
362 ## - DATES OF PUBLICATION AND/OR SEQUENTIAL DESIGNATION
Dates of publication and/or sequential designation Jan.-Mar.
650 ## - SUBJECT ADDED ENTRY--TOPICAL TERM
Topical term or geographic name entry element Local Government - Legislation - U.S.A.
773 ## - HOST ITEM ENTRY
Main entry heading Quartelry Journal of the Local - Self Government Institute
909 ## -
-- 12763
Holdings
Withdrawn status Lost status Damaged status Not for loan Permanent Location Current Location Date acquired Serial Enumeration / chronology Barcode Date last seen Price effective from Koha item type
        Indian Institute of Public Administration Indian Institute of Public Administration 2018-07-19 Volume no: 55, Issue no: 1 AR12806 2018-07-19 2018-07-19 Articles

Powered by Koha